Sportifs Français par images #2 - Statistiques

Statistiques générales
  • Ce quiz a été pris 414 fois
  • Le résultat moyen est 14 sur 28
Statistiques - réponses
Par images Réponse % Correct
Ousmane Dembélé
96%
Tony Parker
96%
Désiré Doué
89%
Loïs Boisson
77%
Esteban Ocon
70%
Alain Prost
68%
Éric Cantona
66%
Earvin Ngapeth
65%
Isack Hadjar
61%
Evan Fournier
57%
Romain Bardet
54%
Amélie Mauresmo
53%
Marie-José Pérec
51%
Ugo Humbert
51%
David Douillet
50%
Grégory Alldritt
42%
Johann Zarco
40%
Alain Bernard
39%
Joan-Benjamin Gaba
39%
Selma Bacha
34%
Clarisse Agbégnénou
32%
Nadir Hifi
29%
Maxime Grousset
28%
Sasha Zhoya
28%
Théo Curin
28%
Manon Fiorot
23%
Julia Simon
18%
Auriane Mallo-Breton
4%
Aucun quiz correspondant
Distribution des résultats
% des personnes avec chaque résultat
Percentile par nombre de réponses
Votre historique - résultats
Vous n’avez pas pris ce quiz